00957nam a2200217 a 450000100100000000500170001000800410002702000150006804000250008308200160010810000360012424500760016024600400023626000390027630000270031559000260034295201200036895201140048895201200060299900170072200004702220201002053307.0180411s2004 dr a 000 0 spa d a9945120085 aDO-SdBNPbspacBNPHU axxxxbG216m1 aGarcía V., María Luz97488410aMaría y Manuel :blibro de lectura inicial /cMaría Luz García V.10aAprendo a leer con María y Manuel aSanto Domingo :bSusaeta,c[s.f.]. a72 p. :bil. ;c27 cm. aInventariado, 2018/LP 0010718DSaGRbGRcHDd2018-04-11iLF1l0oxxxx G216mp47022-30r2020-06-25te. 3w2020-06-25yLFDSZNo se presta 0010718PDaPDbPDcHDd2018-04-11iLF1l0oxxxx G216mp47022-10r2020-06-25w2020-06-25yLFPDZNo se presta 0010718PDaPDbPDcHDd2018-04-11iLF1l0oxxxx G216mp47022-20r2020-06-25te. 2w2020-06-25yLFPDZNo se presta c46510d46510